|
|
|
|
| LEADER |
00000nkm a2200000 a 4500 |
| 001 |
vtls011845611 |
| 003 |
SK-MaSNL |
| 005 |
20260512124759.0 |
| 007 |
kp bo |
| 008 |
240131s1962 xo g 0kuslo |
| 015 |
|
|
|a SNBG1962
|
| 035 |
|
|
|a urn:nbn:sk:snk-km00dtsk
|
| 035 |
|
|
|a urn:nbn:sk:snk-km3lu8h
|
| 035 |
|
|
|a FC050CC4-6730-49C3-ABCB-D61BC4822207
|
| 040 |
|
|
|a SNK
|b slo
|c SNK
|e AACR2
|
| 041 |
0 |
|
|a slo
|
| 043 |
|
|
|a e-xo---
|
| 044 |
|
|
|a xo
|c SK
|
| 072 |
|
7 |
|a 913
|x Regionálna geografia
|2 konspekt
|
| 080 |
|
|
|a 913(437.6)
|2 2011
|
| 080 |
|
|
|a (084.121)
|2 2011
|
| 080 |
|
|
|a 356.15
|2 2011
|
| 110 |
1 |
|
|a Ústav dejín KSS (Bratislava, Slovensko).
|b Fotoarchív
|4 aut
|9 615841
|
| 245 |
1 |
0 |
|a Odrážanie leteckého útoku na partizánske pozície pri Červenej Skale
|h grafika
|c Foto: Fotoarchív Ústavu dejín KSS
|
| 260 |
|
|
|a [Bratislava]
|b Slovenské vydavateľstvo politickej literatúry
|c 1962
|
| 300 |
|
|
|a 1 pohľadnica
|b čiernobiela
|c 11 x 15 cm
|
| 520 |
|
8 |
|a Zobrazenie: Pohľad na partizánov ostrelujúcich z guľometu lietadlo
|
| 650 |
0 |
7 |
|a partizáni
|2 SNKPH
|9 31601
|
| 651 |
|
7 |
|a Červená Skala (Šumiac, Slovensko)
|2 SNKPHgeo
|9 118554
|
| 655 |
|
7 |
|a miestne pohľadnice
|2 SNKPH
|9 70510
|
| 852 |
|
|
|a Slovenská národná knižnica
|
| 958 |
|
|
|a GBN
|
| 958 |
|
|
|a TL
|
| 958 |
|
|
|a GC
|
| 958 |
|
|
|a OND
|
| 958 |
|
|
|a EUIPO
|
| 999 |
|
|
|c 945950
|d 947880
|
| 952 |
|
|
|a SNK
|b SNK
|y PREZ
|7 0
|p 17A1224223
|o snkSP 10271
|0 0
|1 0
|4 0
|d 2019-03-13
|f 1
|l 0
|r 2026-02-24 09:32:56
|w 2026-02-24
|